000 00608nam a22001697a 4500
999 _c18175
_d18175
003 AR-CdUCM
008 190513b ||||| |||| 00| 0 spa d
040 _aMUNICIPALIDAD PROVINCIAL DEL CUSCO
_cBIBLIOTECA MUNICIPAL DEL CUSCO
082 _a923.2 /
_bK15
100 _aKaye, Tony
_938620
245 _aLos grades lideres del siglo XX :
_bWalesa /
260 _aEspaña :
_bHyspanoamerica,
_c1991.
300 _a113 páginas ;
_c24 cm.
505 _aEl hijo de polonia -- La educación de un trabajador -- El camino de Gdansk -- El astillero en Huelga -- Solidaridad...
942 _2ddc
_cLIBROS
945 _awfj